| 000 | 01358nam a2200229Ia 4500 | ||
|---|---|---|---|
| 003 | Ost | ||
| 005 | 20260416102359.0 | ||
| 008 | 260416s9999||||xx |||||||||||||| ||und|| | ||
| 040 | _cfsecg | ||
| 041 | _aara | ||
| 082 | _a350.1 | ||
| 100 |
_aشرحبيل، عجراد _eمؤلف |
||
| 245 | 0 |
_a إدارة الموارد البشرية : _bمحاضرات موجهة لطلبة السنة الثالثة ليسانس-تخصص ادارة الاعمال / _c عجراد شرحبيل |
|
| 260 |
_aالجزائر _bجامعة الجزائر3: كلية العلوم الإقتصادية، العلوم التجارية وعلوم التسيير _c2022 |
||
| 300 |
_a114 ورقة _bايضاحات _c30 سم |
||
| 504 | _aالمراجع ص.110 | ||
| 520 | _aتخطيط الموارد البشرية ، ادارة المكافىت في تسيير الموارد البشرية ، تسيير الصحة و الامن في العمل ، تقييم تسيير الموارد البشرية ، تسيير الصراعات ، الجانب القضائي في تسيير الموارد البشرية . | ||
| 653 | _aادارة الافراد | ||
| 653 | _aالقوى العاملة | ||
| 710 |
_aجامعة الجزائر3: كلية العلوم الإقتصادية، العلوم التجارية وعلوم التسيير _eناشر علمي |
||
| 942 | _cHANDOUT | ||
| 999 |
_c41329 _d41329 |
||